| 000 | 00558ntaaa2200205 4500 | ||
|---|---|---|---|
| 003 | 01 | ||
| 005 | 20251027201652.0 | ||
| 008 | 0714s1973 ag 01 | ||
| 040 |
_aAR-BaBN _bspa _cAR-BaBN _eaacr _dRIC |
||
| 082 | _a232.9000 Se6e | ||
| 100 |
_aSevilla, Andrés M. _915390 |
||
| 245 | _aEncuentro con Jesús; para pensar el evangelio | ||
| 250 | _a1 ed. | ||
| 260 |
_aBuenos Aires : _bClaretiana, _c1960 |
||
| 300 | _a174 p | ||
| 500 | _aLa vida de Cristo según la relatan los evangelios | ||
| 650 | _aVida cristiana | ||
| 650 | _aJesucristo | ||
| 942 | _cBK | ||
| 999 |
_c11443 _d11443 |
||